¡Qué sabrás tú -- de toros! : (Record no. 193541)
[ view plain ]
| 000 -LEADER | |
|---|---|
| campo de control de longitud fija | 01862nam a2200313 i 4500 |
| 001 - NÚMERO DE CONTROL | |
| campo de control | 193541 |
| 003 - IDENTIFICADOR DE NÚMERO DE CONTROL | |
| campo de control | ES-MaACL |
| 005 - FECHA Y HORA DE LA ÚLTIMA TRANSACCIÓN | |
| campo de control | 20250708202627.0 |
| 007 - CAMPO FIJO DE DESCRIPCIÓN FÍSICA--INFORMACIÓN GENERAL | |
| campo de control de longitud fija | ta |
| 008 - DATOS DE LONGITUD FIJA--INFORMACIÓN GENERAL | |
| campo de control de longitud fija | 240105s2023 sp ||||| |||| 00| 0 spa d |
| 020 ## - NÚMERO INTERNACIONAL ESTÁNDAR DEL LIBRO | |
| Número Internacional Estándar del Libro | 9788412635751 |
| 040 ## - FUENTE DE CATALOGACIÓN | |
| Centro/agencia transcriptor | ES-MaACL |
| 100 ## - ENTRADA PRINCIPAL--NOMBRE DE PERSONA | |
| Nombre de persona | Arnás, Federico |
| 9 (RLIN) | 234844 |
| Término indicativo de función/relación | Autor |
| 245 11 - MENCIÓN DEL TÍTULO | |
| Título | ¡Qué sabrás tú -- de toros! : |
| Resto del título | 365 preguntas que todo aficionado se ha hecho alguna vez / |
| Mención de responsabilidad, etc. | Fernando Arnás ; ilustraciones de Vicente Arnás |
| 250 ## - MENCION DE EDICION | |
| Mención de edición | 1ª edición: septiembre 2023 |
| 260 ## - PUBLICACIÓN, DISTRIBUCIÓN, ETC. | |
| Lugar de publicación, distribución, etc. | [Córdoba] : |
| Nombre del editor, distribuidor, etc. | El Paseíllo Editorial, |
| Fecha de publicación, distribución, etc. | 2023. |
| 300 ## - DESCRIPCIÓN FÍSICA | |
| Extensión | 272 páginas ; |
| Dimensiones | 21 cm |
| 490 1# - MENCIÓN DE SERIE | |
| Mención de serie | Toros en la historia |
| 520 ## - RESUMEN, ETC. | |
| Sumario, etc. | Si quieres saber cuánto sabes de toros, si quieres saber más o quieres empezar a saber de toros... Un magnífico libro juego del prestigioso periodista Federico Arnás. 365 preguntas que todo aficionado se ha hecho alguna vez, con tres opciones y la respuesta comentada en preciosos artículos llenos de datos, sabor, anécdota e historia... Por el conocido periodista de RTVE, Federico Arnás, cara muy conocida de programas y retransmisiones taurinas y actualmente en Telemadrid y en RNE. Un divertido trivial taurino, pero lleno de datos de la erudita y completa biblioteca personal del autor. |
| 650 #4 - PUNTO DE ACCESO ADICIONAL DE MATERIA--TÉRMINO DE MATERIA | |
| 9 (RLIN) | 17288 |
| Término de materia o nombre geográfico como elemento de entrada | Tauromaquia |
| 700 ## - ENTRADA AGREGADA--NOMBRE PERSONAL | |
| Nombre de persona | Arnás, Vicente |
| 9 (RLIN) | 235138 |
| Término indicativo de función/relación | Ilustrador |
| 830 ## - PUNTO DE ACCESO ADICIONAL DE SERIE-TÍTULO UNIFORME | |
| Título uniforme | Toros en la historia |
| 9 (RLIN) | 235139 |
| 852 ## - LOCALIZACIÓN | |
| Ubicación | ES-MaACL |
| Sublocalización o colección | R.154875 |
| Ubicación en estantería | Depósito J |
| Número de control de estantería | N-9724 |
| Donativo/Legado | Donación: Federico Arnás |
| Anotaciones manuscritas | Dedicatoria autógrafa del autor |
| itemnumber | 201307 |
| Encuadernación | Encuadernación rústica con solapas |
| 942 ## - ELEMENTOS DE ENTRADA SECUNDARIOS (KOHA) | |
| Suprimir en OPAC | No |
| Tipo de ítem Koha | Libro impreso |
| Estatus retirado | Estado de pérdida | Fuente del sistema de clasificación o colocación | Estado de daño | No para préstamo | Colección | Biblioteca de origen | Biblioteca actual | Ubicación en estantería | Fecha de adquisición | Fuente de adquisición | Total de préstamos | Signatura topográfica completa | Código de barras | Visto por última vez | Precio de reemplazo | Tipo de ítem Koha | Nota pública |
|---|---|---|---|---|---|---|---|---|---|---|---|---|---|---|---|---|---|
| Clasificación decimal universal | Libros con dedicatorias | Biblioteca del Ateneo de Madrid | Biblioteca del Ateneo de Madrid | Depósito J | 27/11/2023 | Donación | N-9724 | 101206706 | 12/02/2024 | 12/02/2024 | Libro impreso | Dedicatoria autógrafa del autor |
